00658nam a22002057a 450000500170000001000130001702000220003003500130005203700160006504000120008108200130009324501170010626000340022327000500025730000210030765000460032865000390037470000210041370000180043420170124110106.0 aA-472914 c00.00a8185318549 aA-472914 bCen Lib/Ret aDPLbEN a921bPRI aPrime minister P. V. Narasimha Rao :cedited by K. L. Chanchreek [and] Saroj PrasadbIndia's great expectation / aDelhibH. K. Publishersc1991 aA-1/ 11 Shakti Nagar ExtensionbDelhie110052 a340p. c21cm(Hb) aIndia -- Politics and government -- 1977- aNarasimha Rao, P. V., -- 1921-2004 aChanchreek, K. L aPrasad, Saroj